000 01354nam a2200325 i 4500
003 EG-GICUC
005 20260121101532.0
008 251222s1991 ua ||||fr|||| 00| 0 ara d
017 _a884716
020 _a9770403938
040 _a EG-GICUC
_bara
_c EG-GICUC
_d EG-GICUC
_erda
041 0 _aara
082 0 4 _221
_a345.441
_bع ا . ط
092 0 4 _221
099 _aLaw1 07 345.441 ع ا . ط 1991
100 0 _aعاصم أحمد عجيلة
_eمؤلف.
245 1 0 _aطاعة الرؤساء وحدودها فى الوظيفة العامة :
_bإدارياً, تأديباً, جنائيآ, مدنياً /
_cعاصم أحمد عجيلة.
264 1 _aالقاهرة :
_bعالم الكتب،
_c1991.
300 _a350 ؛ صفحة
_c24 سم.
_bإيضاحيات، صور، مثيليات ؛
336 _2rda content
_atext
337 _2rda media
_aComputer
338 _2rda carrier
_aOnline Resource
504 _aيحتوي على ارجاعات ببليوجرافية يحتوي على قائمة بالمراجع
546 _aالنص أغلبه باللغة العربية مع بعض النصوص الفرنسية
650 1 4 _aمبدا طاعة الرؤساء
_xالقانون الإداري
_2qrmak
651 1 _2qrmak
856 4 0 _uhttps://fll.law.cu.edu.eg/fulltext/bks/B07-01807.pdf
905 _a75
942 _2ddc
_cBK
_e21
_n0
999 _c52171
_d52171